000 00373nam a22001337a 4500
020 _a9780195115352
040 _cNust
082 _a621.31042
_bGUR
100 _aBhag S. Guru
_9127577
245 _a Electric Machinery and Transformers
260 _aNew York:
_bOxford University Press,
_c1995.
650 _a Electric Machinery and Transformers
_9122725
942 _2ddc
_cBK
999 _c612660
_d612660